| 000 | 00907cam a2200277 4500 | ||
|---|---|---|---|
| 001 | M86991 | ||
| 008 | 090401t1997 xxu||||| |||| 00| 0 eng d | ||
| 035 | _a(Sirsi) u81393 | ||
| 041 | _aeng | ||
| 050 |
_a347.4109 _c18 |
||
| 110 |
_aLaw Society of England and Wales _91639 |
||
| 245 |
_aPACT - Professional Arbitration on Court Terms _bJuly 1997 |
||
| 260 |
_aLondon _bRICS _c1997 |
||
| 300 |
_a31p. _c30cm. |
||
| 350 | _a0 | ||
| 490 | _aRICS Guidance Note | ||
| 520 | _aSuperseded by revised edition (M86992). | ||
| 650 | _aMANAGEMENT-DISPUTE AVOIDANCE, MANAGEMENT AND RESOLUTION-DISPUTE MANAGEMENT AND RESOLUTION-ARBITRATION | ||
| 650 | _aLANDLORD AND TENANT ACT 1954 | ||
| 650 | _aLEASE RENEWALS | ||
| 650 | _aPROFESSIONAL ARBITRATION ON COURT TERMS | ||
| 690 |
_aDISPUTE RESOLUTION _96236 |
||
| 710 |
_aRoyal Institution of Chartered Surveyors _94900 |
||
| 942 | _n0 | ||
| 948 | _c13/10/1997 | ||
| 999 |
_c96706 _d96706 |
||